000 00967nam a2200289 a 4500
001 000004166
003 DO-SdBNP
005 20220303112720.0
007 000004166
008 090717s2005 dr c 000 p spa d
020 _z9993798475
040 _aBPMSU
_bspa
_cBPMSU
082 4 _aRD861.44
_bC322u 2005
_222
100 1 _aCartagena Portalatín, Aída,
_d1918-
245 1 0 _aUna mujer está sola /
_cAída Cartagena Portalatín ; prólogo de Sherezada Vicioso (Chiqui)
_b
260 _aSan Francisco de Macorís, República Dominicana :
_bÁngeles de Fierro,
_c2005.
300 _a69 p. :
_bretr ;
_c18 cm.
500 _aIncluye datos biográficos de la autora en la (p. 57)
590 _6Inventariado, 2022/VM
650 4 _aPoesía dominicana
650 4 _aLiteratura dominicana
700 1 _aVicioso, Sherezada
_eprólogo
910 _a VMateo V.
942 _2ddc
_cBK
945 _a Inventariado / 2017 VM
956 _aVMATEO
_b10
_c20150722
_lBPMSU
_h00151
999 _c7987
_d7987